000 00831 a2200229 4500
001 23698
005 20260407155523.0
008 260407a2003 arg spa d
003 AR-UNSa-BCEJYS
040 _aAR-UNSa-BCEJYS
_bspa
_cAR-UNSa-BCEJYS
080 _a658.012
_xMétodos (Management...)
245 1 0 _aEl management del futuro
020 _a978-950-07-2409-8
264 1 _aBuenos Aires :
_bSudamericana
_c2003
300 _a250 p.
_c23 cm.
505 _a1. La sociedad informática - 2. Oportunidades de negocios - 3. La cambiante economía mundial - 4. La sociedad del futuro
942 _cBK
590 _aniveau_biblio:m niveau_hierar:0
100 1 _aDrucker, Peter Ferdinand
700 1 _aSierra, Julio A.
856 4 1 _uhttps://biblioeco.unsa.edu.ar/pmb/images/libros/jcker-l87930.jpg
_yImagen de portada
_qimage/jpeg
999 _c1123
_d1123